000 00366nam a2200145Ia 4500
008 090124s9999 xx 000 0 und d
082 _b201611
245 _a ऋतुचक्र
250 _a4
260 _bभागवत दुर्गा
_c1973
300 _a117
630 _a ऋतुचक्र
730 _a ऋतुचक्र
942 _cBOOK
999 _c183192
_d183192